Sujodol /

Guardado en:
書目詳細資料
主要作者: Bunin, Iván (autor)
其他作者: Enco de Valero, Tatiana (traducción) (traducción)
格式: 圖書
語言:西班牙语
出版: Madrid, España : Espasa-Calpe, 1966, c1923
叢編:(Austral ; 1359)
主題:
標簽: 添加標簽
沒有標簽, 成為第一個標記此記錄!

MARC

LEADER 00000nam^a2200000^a^4500
001 000397081
005 20250521000000.0
009 20260310121448.082
037 |a Acervo Xavier Clavigero 
041 |a ESP 
082 |a 808.  |b AUS V. 1359 
100 |a Bunin, Iván  |e (autor) 
240 1 1 |a [Sudojol] 
245 1 0 |a Sujodol /  |c I.A. Bunin ; tr. por T. Enco de Valero. 
264 4 |a Madrid, España :  |b Espasa-Calpe,  |c 1966, c1923 
300 |a 147 p. 
336 |a texto  |b txt  |2 rdacontenido 
337 |a sin mediación  |b n  |2 rdamedio 
338 |a volumen  |b nc  |2 rdasoporte 
440 1 |a (Austral ;  |v 1359) 
500 |a Traducción de: Sukhodo'l 
586 |a Premio Nobel de Literatura 1933 
649 |a XX 
650 |a Novela Rusa 
650 |a Realismo en la Literatura -  |z Rusia 
650 |a Literatura Rusa -  |y Siglo XIX 
650 |a Literatura Rusa -  |y Siglo XX 
650 |a Casas de Campo en la Literatura 
650 |a Zonas Rurales en la Literatura 
650 |a Zonas Rurales -  |z Rusia -  |x Condiciones Sociales y Culturales 
650 |a Zonas Rurales -  |z Rusia -  |x Historia -  |y Nicolás II, 1894-1917 
650 |a Rusia -  |x Historia -  |y Revolución, 1905-1907 
650 |a Rusia -  |x Historia -  |y Nicolás II, 1894-1917 
650 |a Rusia -  |x Historia -  |y Siglo XX 
650 |a Rusia -  |x Historia -  |y Casa Romanov, 1613-1917 
650 |a Rusia -  |x Historia -  |y Período Zarista, 1462-1917 
700 |a Enco de Valero, Tatiana  |e (traducción) 
740 3 |a El maestro /  |c I. Bunin ; tr. por T. Enco de Valero. 
910 |a Fondo General 
920 |a Impresos - Libros 
930 |a Colección General 
940 |a Literatura 
905 |a 101 
901 |a 0500292615  |b IT1  |c LIT  |u 20250521 
902 |a https://opac.biblio.iteso.mx/vufind/Record/000397081